ბათუმის შოთა რუსთაველის სახელმწიფო უნივერსიტეტის ბიბლიოთეკა

მაგალითების, სავარჯიშოებისა და ამოცანების კრებული ზოგად ქიმიაში (ბიბ.ჩანაწერი № 44484)

000 -LEADER
fixed length control field 01079nam a2200229Ia 4500
001 - CONTROL NUMBER
control field 11282
003 - CONTROL NUMBER IDENTIFIER
control field GE_BSU
008 - FIXED-LENGTH DATA ELEMENTS--GENERAL INFORMATION
fixed length control field 181216s||||||||xx |||||||||||||| ||und||
040 ## - CATALOGING SOURCE
Transcribing agency GE_BSU
080 ## - UNIVERSAL DECIMAL CLASSIFICATION NUMBER
Universal Decimal Classification number 54(076.1)
100 ## - MAIN ENTRY--PERSONAL NAME
Personal name მაღრითი რ. ჭანკოტაძე ნ. ჯავახიშვილი ო.
245 ## - TITLE STATEMENT
Title მაგალითების, სავარჯიშოებისა და ამოცანების კრებული ზოგად ქიმიაში
245 ## - TITLE STATEMENT
Remainder of title უმაღლეს სასწავლებელში შემსვლელთათვის
245 ## - TITLE STATEMENT
Statement of responsibility, etc. რედ: გ. ცინცაძე
260 ## - PUBLICATION, DISTRIBUTION, ETC.
Place of publication, distribution, etc. თბილისი.
260 ## - PUBLICATION, DISTRIBUTION, ETC.
Name of publisher, distributor, etc. განათლება.
260 ## - PUBLICATION, DISTRIBUTION, ETC.
Date of publication, distribution, etc. 1982
300 ## - PHYSICAL DESCRIPTION
Extent 629გვ.22სმ.
300 ## - PHYSICAL DESCRIPTION
Accompanying material დანართი გვ. 623
653 ## - INDEX TERM--UNCONTROLLED
Uncontrolled term მაგალითების, სავარჯიშოებისა და ამოცანების კრებული ზოგად ქიმიაში
942 ## - ADDED ENTRY ELEMENTS (KOHA)
Koha item type წიგნი
ეგზემპლარები
Withdrawn status Lost status Damaged status Not for loan Date acquired Barcode Date last seen Price effective from Koha item type
        2018-12-17 19533 2018-12-17 2018-12-17 წიგნი
        2018-12-17 19534 2018-12-17 2018-12-17 წიგნი
        2018-12-17 19535 2018-12-17 2018-12-17 წიგნი
        2018-12-17 19536 2018-12-17 2018-12-17 წიგნი
        2018-12-17 19537 2018-12-17 2018-12-17 წიგნი
        2018-12-17 19538 2018-12-17 2018-12-17 წიგნი
        2018-12-17 19539 2018-12-17 2018-12-17 წიგნი
        2018-12-17 19540 2018-12-17 2018-12-17 წიგნი